Central Library OPAC University of Rajshahi

বাংলা আখ্যায়িকা-কাব্য : (Record no. 44410)

MARC details
000 -LEADER
fixed length control field 01139nam a2200253 4500
001 - CONTROL NUMBER
control field 44410
003 - CONTROL NUMBER IDENTIFIER
rucl marc code BD-RjUL
005 - DATE AND TIME OF LATEST TRANSACTION
control field 20211209053843.0
008 - FIXED-LENGTH DATA ELEMENTS--GENERAL INFORMATION
fixed length control field 160717s1958 ii ||||| |||| 001 0db d
020 ## - INTERNATIONAL STANDARD BOOK NUMBER
Terms of availability : IRs.6.50
035 ## - SYSTEM CONTROL NUMBER
System control number (BD-RjUL)44528
040 ## - CATALOGING SOURCE
Original cataloging agency BD-RjUL
Language of cataloging ben/eng
Transcribing agency BD-RjUL
Modifying agency BD-RjUL
041 ## - LANGUAGE CODE
Language code of text/sound track or separate title ben
082 ## - DEWEY DECIMAL CLASSIFICATION NUMBER
Edition number 23
Classification number 891.44109
Author mark and year DEB 1958
100 10 - MAIN ENTRY--PERSONAL NAME
Personal name দেবী, প্রভাময়ী
9 (RLIN) 136318
245 10 - TITLE STATEMENT
Title বাংলা আখ্যায়িকা-কাব্য :
Remainder of title (১৮৫০-১৯০০) /
Statement of responsibility, etc. প্রভাময়ী দেবী
260 ## - PUBLICATION, DISTRIBUTION, ETC. (IMPRINT)
Place of publication, distribution, etc. কলিকাতা :
Name of publisher, distributor, etc. কলিকাতা বিশ্ববিদ্যালয়,
Date of publication, distribution, etc. ১৯৫৮
300 ## - PHYSICAL DESCRIPTION
Pagination [১২], ৪৩৮ পৃ.
Size ২২ সেমি.
500 ## - GENERAL NOTE
General note "বইটি লেখক কর্তৃক কলিকাতা বিশ্ববিদ্যালয়ে ড
General note নির্ঘন্ট সংযুক্ত
650 ## - SUBJECT ADDED ENTRY--TOPICAL TERM
Topical term or geographic name as entry element বাংলা কাব্য
9 (RLIN) 136319
General subdivision ইতিহাস ও সমালোচনা
Topical term or geographic name as entry element Bengali poetry
9 (RLIN) 120851
General subdivision History and Criticism
942 ## - ADDED ENTRY ELEMENTS (KOHA)
Source of classification or shelving scheme Dewey Decimal Classification
Koha item type Books
Holdings
Lost status Source of classification or shelving scheme Damaged status Not for loan Collection code Permanent Location Current Location Shelving location Date acquired Source of acquisition Cost, normal purchase price Total Checkouts Full call number Date last seen Copy number Koha item type
  Dewey Decimal Classification     Non-fiction Central Library, University of Rajshahi Central Library, University of Rajshahi   30/04/1963 Kamala Book 6.50   B 891.44109 DAB 1958 17/07/2016 C-2 Books
  Dewey Decimal Classification     Non-fiction Central Library, University of Rajshahi Central Library, University of Rajshahi   20/11/1962 Kamala book. 6.50   B 891.44109 DEB 1958 31/10/2016 C-3 Books
  Dewey Decimal Classification     Non-fiction Central Library, University of Rajshahi Central Library, University of Rajshahi   22/10/1963 Kamala Book     B 891.44109 DEB 1958 07/11/2016 C-4 Books
  Dewey Decimal Classification     Non-fiction Central Library, University of Rajshahi Central Library, University of Rajshahi   30/04/1963 Calcutta : Kamala Book 6.50   B 891.44109 DEB 1958 13/11/2016 C-5 Books
  Dewey Decimal Classification     Non-fiction Central Library, University of Rajshahi Central Library, University of Rajshahi   20/11/1962 Kamala book, kolikata 6.50   B 891.44109 DEB 1958 28/11/2016 C-6 Books
  Dewey Decimal Classification   Not For Loan Rare Books Central Library, University of Rajshahi Central Library, University of Rajshahi Rare Book Section 24/12/2019   6.50   BRA 891.44109 DEB 1958 24/12/2019 C-1 Rare Books
  Dewey Decimal Classification     Fiction Central Library, University of Rajshahi Central Library, University of Rajshahi   20/11/1962 Calcutta: Kamala Book 6.50   B 891.44109 DEB 1958 24/12/2019 C-7 Books
  Dewey Decimal Classification     Fiction Central Library, University of Rajshahi Central Library, University of Rajshahi   20/11/1962 Calcutta: Kamala Book 6.50   B 891.44109 DEB 1958 24/12/2019 C-8 Books